Περίπλους (1570-1870) : φανταστικό χρονικό σε τρεις τριλογίες
Αποθηκεύτηκε σε:
| Κύριος συγγραφέας: | |
|---|---|
| Μορφή: | Βιβλίο |
| Γλώσσα: | Greek |
| Δημοσίευση: |
Αθήνα :
Εστία,
[19--].
|
| Έκδοση: | 2η εκδ. |
| Θέματα: | |
| Ετικέτες: |
Προσθήκη ετικέτας
Δεν υπάρχουν, Καταχωρήστε ετικέτα πρώτοι!
|
MARC
| LEADER | 00000cam a2200000 i 4500 | ||
|---|---|---|---|
| 001 | 1/47476 | ||
| 008 | 980629q19uu gr | ||| |||| ||gre|| | ||
| 035 | |l 10043075 | ||
| 040 | |a GR-MyUA |b gre |e AACR2 | ||
| 041 | 0 | |a gre | |
| 082 | 0 | |a 889.34 | |
| 100 | 1 | |a Ρώμας, Διονύσιος Α., |d 1906-1981. | |
| 245 | 1 | 0 | |a Περίπλους (1570-1870) : |b φανταστικό χρονικό σε τρεις τριλογίες / |c Διονύση Ρώμα. |
| 250 | |a 2η εκδ. | ||
| 260 | |a Αθήνα : |b Εστία, |c [19--]. | ||
| 300 | |a 446 σ. : |b εικ. ; |c 18 εκ. | ||
| 505 | 0 | |a Τ. 1. Οι νταβιτσέτσα -- τ. 2. Το ρεμπελιό των Ποπολάρων. | |
| 650 | 0 | 0 | |a Greek fiction, Modern. |
| 650 | 0 | 0 | |a Greek literature, Modern. |
| 650 | 0 | 0 | |a Historical fiction, Greek (Modern) |
| 740 | 0 | 2 | |a Οι νταβιτσέτσα |
| 740 | 0 | 2 | |a Το ρεμπελιό των ποπολάρων |
| 852 | |a INST |b LESVOS |e 20000406 |h 889.34 ΡΩΜ |p 005100020355 |q 005100020355 |t BK |y 0 |z τ.2 | ||
| 852 | |a INST |b LESVOS |e 20000301 |h 889.34 ΡΩΜ |p 005100020356 |q 005100020356 |t BK |y 0 |z τ.1 | ||
| 852 | |a INST |b LESVOS |e 20000406 |h 889.34 ΡΩΜ |p 005100020355 |q 005100020355 |t BK |v τ. .2: |y 0 |z τ.2 | ||
| 852 | |a INST |b LESVOS |e 20000301 |h 889.34 ΡΩΜ |p 005100020356 |q 005100020356 |t BK |v τ. .1: |y 0 |z τ.1 | ||
| 852 | |a INST |b SAMOS |e 19980629 |h 889.3 ΡΩΜ |p 005300011050 |q 005300011050 |t BK |y 0 |z ??? | ||
| 852 | |a INST |b SAMOS |e 19980629 |h 889.3 ΡΩΜ |p 005300011050 |q 005300011050 |t BK |v τ. .2: |y 0 |z ??? | ||
| 853 | |a INST |b LESVOS |h 889.34 ΡΩΜ | ||
| 853 | |a INST |b SAMOS |h 889.3 ΡΩΜ | ||
| 901 | |a BIBL-1998-2 | ||
| 909 | |a Σ |b 051264 | ||
| 909 | |a Λ |b 073489 | ||
| 909 | |a Λ |b 073490 | ||
| 922 | |a 3ΕΛΗ |b 199806 |c ΔΩΡ | ||
| 922 | |a 1ΕΛΗ |b 199912 |c ΚΠΣ/ΤΚΑ |d EMVASIS | ||
| 950 | |a 117-1999-12-16 | ||